Teaching material on trade and gender. Volume 1: unfolding the links : module 4E trade and gender linkages : an analysis of least developed countries (Record no. 59487)

MARC details
000 -LEADER
fixed length control field 00993nam a2200253 a 4500
003 - CONTROL NUMBER IDENTIFIER
control field CBULib
005 - DATE AND TIME OF LATEST TRANSACTION
control field 20240408124543.0
008 - FIXED-LENGTH DATA ELEMENTS--GENERAL INFORMATION
fixed length control field 210906s2021 ||||||||||||||||| || u
020 ## - INTERNATIONAL STANDARD BOOK NUMBER
International Standard Book Number 9789211130157
040 ## - CATALOGING SOURCE
Original cataloging agency CBULib
Language of cataloging English
Transcribing agency CBULib
Modifying agency CBULib
Description conventions rda
041 ## - LANGUAGE CODE
Language code of text/sound track or separate title eng
050 ## - LIBRARY OF CONGRESS CALL NUMBER
Classification number UNCTAD(02)2021/4
110 ## - MAIN ENTRY--CORPORATE NAME
Corporate name or jurisdiction name as entry element United Nations Conference on Trade and Development (UNCTAD)
9 (RLIN) 359
245 10 - TITLE STATEMENT
Title Teaching material on trade and gender. Volume 1: unfolding the links : module 4E trade and gender linkages : an analysis of least developed countries
Statement of responsibility, etc / by United Nations Conference on Trade and Development(UNCTAD)
260 ## - PUBLICATION, DISTRIBUTION, ETC. (IMPRINT)
Place of publication, distribution, etc Geneva :
Name of publisher, distributor, etc United Nations,
Date of publication, distribution, etc 2021.
300 ## - PHYSICAL DESCRIPTION
Extent 58 pages : illustrations
336 ## - CONTENT TYPE
Content type term Text |
Source rdacontent
Content type code txt
337 ## - MEDIA TYPE
Media type term Unmediated |
Source rdamedia
Media type code n
338 ## - CARRIER TYPE
Carrier type term Volume
Source rdacarrier
Carrier type code nc
650 #0 - SUBJECT ADDED ENTRY--TOPICAL TERM
Topical term or geographic name as entry element WOMEN-- ECONOMIC CONDITIONS
650 #0 - SUBJECT ADDED ENTRY--TOPICAL TERM
Topical term or geographic name as entry element WOMEN--SOCIAL CONDITIONS
942 ## - ADDED ENTRY ELEMENTS (KOHA)
Source of classification or shelving scheme
Koha item type INTERNATIONAL PUBLICATIONS
Holdings
Withdrawn status Lost status Source of classification or shelving scheme Damaged status Not for loan Collection code Permanent Location Current Location Shelving location Date acquired Source of acquisition Full call number Barcode Date last seen Copy number Price effective from Koha item type
          Special Collections CBU-MAIN LIBRARY, KITWE. CBU-MAIN LIBRARY, KITWE. Special Collections 11/30/2022 DEP-UNCTAD UNCTAD(02)2021/4 B4518 11/30/2022 1 11/30/2022 INTERNATIONAL PUBLICATIONS